000 00907nam a2200313Ia 4500
003 OSt
005 20220912144543.0
006 a|||||r|||| 00| 0
007 ta
008 220909b |||||||| |||| 00| 0 eng d
020 _a8185047707 (hbk)
020 _aSL00859663
024 _a188651
037 _cTextual
040 _aCSL
_beng
_cCSL
041 _aeng
082 _aY7:1, N1
100 _aZamora Mario D Ed.; Erring Bjorn B Ed.
245 0 _aFieldwork in cultural anthropology
260 _aNew Delhi
_b Reliance
_c1991
300 _axxii,213p.
500 _aInclude bibliographical references.; Appendix A-B 211-213p.
650 _a Cultural anthropology
650 _aAnthropology
700 _aZamora Mario D Ed.; Erring Bjorn B Ed.
942 _hY7:1, N1
_cTEXL
_2CC
999 _c11849
_d11849